Mientras agonizo (Record no. 61942)

MARC details
000 -LEADER
campo de control de longitud fija 00661nam a2200193 i 4500
001 - NÚMERO DE CONTROL
campo de control 61942
003 - IDENTIFICADOR DE NÚMERO DE CONTROL
campo de control ES-MaACL
005 - FECHA Y HORA DE LA ÚLTIMA TRANSACCIÓN
campo de control 20260201162639.0
007 - CAMPO FIJO DE DESCRIPCIÓN FÍSICA--INFORMACIÓN GENERAL
campo de control de longitud fija t|
008 - DATOS DE LONGITUD FIJA--INFORMACIÓN GENERAL
campo de control de longitud fija 031114s1954 sp ||||1| spa d
100 1# - ENTRADA PRINCIPAL--NOMBRE DE PERSONA
Nombre de persona Faulkner, William,
Fechas asociadas al nombre 1897-1962
9 (RLIN) 242365
245 10 - MENCIÓN DEL TÍTULO
Título Mientras agonizo
Resto del título : novela /
Mención de responsabilidad, etc. William Faulkner ; traducción del inglés por Agustín Caballero Robredo y Arturo del Hoyo.
260 ## - PUBLICACIÓN, DISTRIBUCIÓN, ETC.
Lugar de publicación, distribución, etc. Madrid :
Nombre del editor, distribuidor, etc. Aguilar,
Fecha de publicación, distribución, etc. 1954 (
Fabricante Yagües)
300 ## - DESCRIPCIÓN FÍSICA
Extensión 243 p. ;
Dimensiones 20 cm.
700 0# - ENTRADA AGREGADA--NOMBRE PERSONAL
Nombre de persona Caballero Robredo, Agustín
9 (RLIN) 33117
700 1# - ENTRADA AGREGADA--NOMBRE PERSONAL
Nombre de persona Hoyo, Arturo del,
Fechas asociadas al nombre 1917-2004
9 (RLIN) 64424
852 ## - LOCALIZACIÓN
Ubicación ES-MaACL
Número de control de estantería C-6470
Sublocalización o colección R.35793
Holdings
Estatus retirado Estado de pérdida Estado de daño No para préstamo Biblioteca de origen Biblioteca actual Ubicación en estantería Fecha de adquisición Fuente de adquisición Total de préstamos Signatura topográfica completa Código de barras Visto por última vez Precio de reemplazo Tipo de ítem Koha
        Biblioteca del Ateneo de Madrid Biblioteca del Ateneo de Madrid Sala Palomar 17/01/2008     C-6470 1064944 23/02/2023 23/02/2023 Libro impreso